| 000 | 00635nam a2200277Ia 4500 | ||
|---|---|---|---|
| 008 | 160321s9999||||xx |||||||||||||| ||und|| | ||
| 040 | _cEnglish | ||
| 082 | _aXI.B Greenfeld | ||
| 082 | _bBORI-92716 | ||
| 100 | _aHoward Greenfeld | ||
| 245 | _aGypsies | ||
| 260 | _aNew York | ||
| 260 | _bCrown Publishers | ||
| 300 | _a111 | ||
| 300 | _cF | ||
| 300 | _eHardbound | ||
| 530 | _u00111647.pdf | ||
| 563 | _aStudy | ||
| 600 | _aHoward Greenfeld | ||
| 630 | _aGypsies | ||
| 650 | _a"Social History, Culture" | ||
| 650 | _aGeneral Indology | ||
| 700 | _aHoward Greenfeld | ||
| 730 | _aGypsies | ||
| 942 | _cBOOK | ||
| 999 |
_c1372304 _d1372301 |
||